| 000 | 00384nam a22001457a 4500 | ||
|---|---|---|---|
| 005 | 20180228105719.0 | ||
| 008 | 170801b xxu||||| |||| 00| 0 eng d | ||
| 040 | _cPK-LaUMT | ||
| 082 |
_aZIAC 297.082 _bSUL-H |
||
| 100 | _aSulaiman Nadvi | ||
| 245 |
_aHeroic deeds of Muslim women/ _cSulaiman Nadvi |
||
| 260 |
_aLahore; _bSh. Muhammad Ashraf, _c1961 |
||
| 300 | _a62 p. | ||
| 942 | _cBK | ||
| 999 |
_c96147 _d96147 |
||